| 000 | 00453nam a2200169 a 4500 | ||
|---|---|---|---|
| 005 | 20140412111431.0 | ||
| 008 | 130704s19uu xx 00 eng d | ||
| 020 | _a9789810168445 | ||
| 050 |
_aTR(GS 507.8 _bSa6 2010 |
||
| 100 | _aSao-Ee,Gah | ||
| 245 | _aScience 3B (textbook)/. | ||
| 260 |
_aSingapore : _bMarshall Cavendish, _c2010. |
||
| 300 | _a132 | ||
| 440 | _aMy Pals are Here! | ||
| 650 |
_aScience- _xstudy and teaching. |
||
| 999 |
_c106384 _d106384 |
||